000 00362nam a2200145Ia 4500
008 230917s9999||||xx |||||||||||||| ||und||
040 _e240510
_aMAIN
041 _aEnglish
082 _a574.05 U5S
100 _aUrmila
245 0 _aStudy of heavy metals contamination of soil and its effects on plants
260 _c2016
300 _a225 p.
942 _cTH
999 _c127114
_d127114